000 02118nam0a2200361 4500
001 RU\NLR\bibl\293560
005 20260409080542.0
021 _aRU
_b2002-17195
_9864
035 _a(NLR Aleph) 000288909
090 _a1691413
_c1691413
100 _a20020806d2002 |||y0rusy50 ca
101 0 _achu
102 _aRU
105 _ay |||||||||
200 1 _aРуководство к изучению книг Священного Писания Нового Завета
_eОбозрение Четвероевангелия, кн. Деяний Апостол., Апостол. Посланий и Апокалипсиса
_e[Учеб. пособие для воспитанников духов. семинарий, студентов богослов. ин-тов, богослов. фак. и учащихся духов. училищ]
_fСост. А.В. Иванов
205 _a8-е изд., испр. и доп.
210 _aСПб.
_cВоскресенiе и др.
_d2002
215 _a910, [1] с.
_d24
300 _aЗагл. обл.: Руководство к изучению Священного Писания Нового Завета
300 _aТекст на церков.-слав. яз.
320 _aБиблиогр. в подстроч. примеч.
500 _aБиблия
_iН.З.
_3RU\NLR\auth\553088
_92631042
512 1 _aРуководство к изучению Священного Писания Нового Завета
517 0 _aРуководство къ изученiю книгъ Священнаго Писанiя Новаго Завета
605 _aБиблия
_iНовый Завет
_jРуководства, пособия и т.п.
_xИзучение
_92273839
_3RU\NLR\auth\661362754
686 _aЭ37-220.2я7
702 1 _4220
_8rus
_7ca
_aИванов
_bА. В.
_cбогослов
_f1837-1911
_gАлександр Васильевич
_3RU\NLR\auth\7752910
_935843
801 0 _aRU
_bNLR
_c20020806
_gPSBO
801 1 _aRU
_bNLR
_c20020806
942 _cBOOK
980 _aNB